| 000 | 01167cam a2200385 4500 | ||
|---|---|---|---|
| 008 | 010921n2001 000 0 eng u | ||
| 020 | _a0117536032 | ||
| 035 | _a(Sirsi) u114684 | ||
| 050 | _a711.309423 | ||
| 110 |
_aGovernment Office for the South West _94159 |
||
| 245 | _aRPG 10 : Regional planning guidance for the South West | ||
| 250 | _a2001 ed. | ||
| 260 |
_aLondon _bStationery Office _c2001 |
||
| 300 |
_a136p. _c30cm. |
||
| 350 | _a18.00 | ||
| 490 |
_aRPG _v10 |
||
| 520 | _aSupersedes 1994 edition (ISBN 0117530166). | ||
| 520 | _aView RPG10 at www.gosw.gov.uk. | ||
| 650 | _aAVON | ||
| 650 | _aCORNWALL | ||
| 650 | _aDEVON | ||
| 650 | _aDORSET | ||
| 650 | _aGLOUCESTERSHIRE | ||
| 650 | _aPLANNING GUIDANCE | ||
| 650 | _aRPG | ||
| 650 | _aRPG10 | ||
| 650 | _aSOMERSET | ||
| 650 | _aSOUTHWEST ENGLAND | ||
| 650 | _aWESSEX | ||
| 650 | _aWILTSHIRE | ||
| 690 | _aPLANNING-PLANNING LAW | ||
| 710 |
_aDepartment for Transport, Local Government and the Regions _94091 |
||
| 856 |
_uhttps://www.gosw.gov.uk/docbank/RPG10_document%20.pdf _zView RPG10 on the Government Office for the South West website (pdf)... |
||
| 942 | _n0 | ||
| 999 |
_c101632 _d101632 |
||